<?xml version="1.0" encoding="UTF-8"?>
<marc:record xmlns:marc="http://www.loc.gov/MARC21/slim">
   <marc:leader>00000nam a2200000 a 4500</marc:leader>
   <marc:datafield ind1="1" ind2=" " tag="100">
      <marc:subfield code="a">Grunenberg, Antonia</marc:subfield>
      <marc:subfield code="4">aut</marc:subfield>
      <marc:subfield code="e">Verfasser/-in</marc:subfield>
   </marc:datafield>
   <marc:datafield ind1=" " ind2=" " tag="653">
      <marc:subfield code="a">Benjamin</marc:subfield>
   </marc:datafield>
   <marc:datafield ind1=" " ind2=" " tag="653">
      <marc:subfield code="a">Walter</marc:subfield>
   </marc:datafield>
   <marc:datafield ind1=" " ind2=" " tag="653">
      <marc:subfield code="a">Geschichte 1900-1940</marc:subfield>
   </marc:datafield>
   <marc:datafield ind1=" " ind2=" " tag="653">
      <marc:subfield code="a">Intellektueller</marc:subfield>
   </marc:datafield>
   <marc:datafield ind1=" " ind2=" " tag="653">
      <marc:subfield code="a">Geistesleben</marc:subfield>
   </marc:datafield>
   <marc:datafield ind1=" " ind2=" " tag="653">
      <marc:subfield code="a">Weimarer Republik</marc:subfield>
   </marc:datafield>
   <marc:datafield ind1=" " ind2=" " tag="653">
      <marc:subfield code="a">20. Jahrhundert</marc:subfield>
   </marc:datafield>
   <marc:datafield ind1=" " ind2=" " tag="653">
      <marc:subfield code="a">Softcover / Sachbücher/Geschichte/Zeitgeschichte (1945 bis 1989)</marc:subfield>
   </marc:datafield>
   <marc:datafield ind1="0" ind2="0" tag="245">
      <marc:subfield code="a">Götterdämmerung</marc:subfield>
   </marc:datafield>
   <marc:datafield ind1="0" ind2="0" tag="245">
      <marc:subfield code="b">Aufstieg und Fall der deutschen Intelligenz 1900-1940 : Walter Benjamin und seine Zeit</marc:subfield>
   </marc:datafield>
   <marc:datafield ind1="0" ind2="0" tag="245">
      <marc:subfield code="c">Antonia Grunenberg</marc:subfield>
   </marc:datafield>
   <marc:datafield ind1=" " ind2="1" tag="264">
      <marc:subfield code="a">Freiburg</marc:subfield>
      <marc:subfield code="b">Herder</marc:subfield>
   </marc:datafield>
   <marc:datafield ind1="1" ind2=" " tag="520">
      <marc:subfield code="a">Angaben aus der Verlagsmeldung

Götterdämmerung : Aufstieg und Fall der deutschen Intelligenz 1900-1940 / von Antonia Grunenberg

Die Jahre von 1900 bis ca. 1940 wurden durch eine Generation von glänzenden Dichtern, Pädagogen, Komponisten, Philosophen, Tänzern, Schriftstellern und Politikern geprägt, die ihre Zeit als Übergang erlebten und mit allen Mitteln eine mit revolutionären und religiösen Erwartungen erfüllte Endzeit herbeisehnten. Dazu gehörte auch die radikale Ablehnung der Weimarer Republik, die teilweise in den Vorhöfen (und in den Lagern) von Faschismus, Nationalsozialismus und sowjetischem Kommunismus endete.
Antonia Grunenberg stellt Walter Benjamin als den kühnsten europäischen Denker seiner Zeit in den Mittelpunkt ihres Buches und entfaltet von ihm aus das Drama der deutschen Intelligenz in der ersten Hälfte des 20. Jahrhunderts.
</marc:subfield>
   </marc:datafield>
   <marc:datafield ind1=" " ind2=" " tag="020">
      <marc:subfield code="a">9783451383090</marc:subfield>
      <marc:subfield code="9">9783451383090</marc:subfield>
   </marc:datafield>
   <marc:datafield ind1=" " ind2=" " tag="020">
      <marc:subfield code="a">3451383098</marc:subfield>
      <marc:subfield code="9">3451383098</marc:subfield>
   </marc:datafield>
   <marc:datafield ind1=" " ind2=" " tag="041">
      <marc:subfield code="a">ger</marc:subfield>
   </marc:datafield>
   <marc:datafield ind1=" " ind2=" " tag="300">
      <marc:subfield code="a">611 Seiten</marc:subfield>
   </marc:datafield>
</marc:record>
